000 01175nam a22001817a 4500
999 _c34961
_d34961
005 20230208225638.0
008 s2537 th o tha d
040 _a์NALT
086 _aสผ 10 7.3 346.04 2537
110 2 _aสำนักงานเลขาธิการสภาผู้แทนราษฎร.
_bกองกรรมาธิการ
_923373
245 1 0 _aรายงานของคณะกรรมาธิการวิสามัญพิจารณาร่างพระราชบัญญัติลิขสิทธิ์ พ.ศ.... สภาผู้แทนราษฎร /
_cกองกรรมาธิการ สำนักงานเลขาธิการสภาผู้แทนราษฎร.
260 _aกรุงเทพฯ :
_bกองกรรมาธิการ สำนักงานเลขาธิการสภาผู้แทนราษฎร,
_c2537.
300 _a26 หน้า
_c26 ซม.
650 0 _aลิขสิทธิ์
_93169
850 _aNALT
942 _cPAR
_2local
998 _j25
_k นีลวัสน์ อินทรักษา